Essentials of Management Information Systems : (Record no. 13862)

MARC details
000 -LEADER
fixed length control field 01038cam a22002654a 4500
001 - CONTROL NUMBER
control field 13451844
005 - DATE AND TIME OF LATEST TRANSACTION
control field 20201128020816.0
008 - FIXED-LENGTH DATA ELEMENTS--GENERAL INFORMATION
fixed length control field 040107s2010 njua | b 001 0 eng d
020 ## - INTERNATIONAL STANDARD BOOK NUMBER
International Standard Book Number 9780136114444
020 ## - INTERNATIONAL STANDARD BOOK NUMBER
International Standard Book Number 013611444x
040 ## - CATALOGING SOURCE
Original cataloging agency DLC
Transcribing agency DLC
Modifying agency DLC
042 ## - AUTHENTICATION CODE
Authentication code pcc
082 00 - DEWEY DECIMAL CLASSIFICATION NUMBER
Classification number 658.4038011
Edition number 22
Item number LAU
100 1# - MAIN ENTRY--PERSONAL NAME
Personal name Laudon, Kenneth C.
Dates associated with a name 1944-
9 (RLIN) 1293
245 10 - TITLE STATEMENT
Title Essentials of Management Information Systems :
Statement of responsibility, etc Kenneth C. Laudon, Jane P. Laudon.
250 ## - EDITION STATEMENT
Edition statement 9th ed.
Remainder of edition statement Global Edition.
260 ## - PUBLICATION, DISTRIBUTION, ETC. (IMPRINT)
Place of publication, distribution, etc Upper Saddle River, NJ :
Name of publisher, distributor, etc Prentice Hall,
Date of publication, distribution, etc c2010.
300 ## - PHYSICAL DESCRIPTION
Extent 438, G16, R7, I15 p. :
Other physical details col. ill. ;
Dimensions 29 cm.
504 ## - BIBLIOGRAPHY, ETC. NOTE
Bibliography, etc Includes bibliographical references and index.
650 #0 - SUBJECT ADDED ENTRY--TOPICAL TERM
9 (RLIN) 1296
Topical term or geographic name as entry element Management information systems
700 1# - ADDED ENTRY--PERSONAL NAME
Personal name Laudon, Jane P.
9 (RLIN) 1297
Fuller form of name Laudon, Jane Price.
856 41 - ELECTRONIC LOCATION AND ACCESS
Materials specified Table of contents
Uniform Resource Identifier <a href="http://www.loc.gov/catdir/toc/ecip0413/2004000086.html">http://www.loc.gov/catdir/toc/ecip0413/2004000086.html</a>
942 ## - ADDED ENTRY ELEMENTS (KOHA)
Source of classification or shelving scheme Dewey Decimal Classification
Item type Book - Borrowing
Holdings
Withdrawn status Item status Source of classification or shelving scheme Materials specified (bound volume or other part) Damaged status Not for loan Vendor Home library Current library Shelving location Date acquired Source of acquisition Total Checkouts Total Renewals Full call number Barcode Date last seen Date last borrowed Koha item type Checked out Cost, normal purchase price Cost, replacement price
  Lost Dewey Decimal Classification Lost In Inventory_2015-8-23     Baccah Central Library Central Library First floor 11/04/2010   2 24 658.4038011 LAU 000020285 26/09/2012 01/02/2012 Book - Borrowing      
    Dewey Decimal Classification       Baccah Central Library Central Library First floor 11/04/2010   10 46 658.4038011 LAU 000020566 15/07/2025 07/12/2013 Book - Borrowing      
    Dewey Decimal Classification       Baccah Central Library Central Library First floor 11/04/2010   10 56 658.4038011 LAU 000020567 15/07/2025 31/03/2014 Book - Borrowing      
    Dewey Decimal Classification       Baccah Central Library Central Library First floor 11/04/2010   11 28 658.4038011 LAU 000020568 15/07/2025 20/11/2017 Book - Borrowing      
    Dewey Decimal Classification       Baccah Central Library Central Library First floor 11/04/2010   4 6 658.4038011 LAU 000020569 15/07/2025 13/02/2012 Book - Borrowing      
    Dewey Decimal Classification       Baccah Central Library Central Library First floor 11/04/2010   6 12 658.4038011 LAU 000026575 21/07/2012 21/07/2012 Book - Borrowing 21/08/2012    
  Lost Dewey Decimal Classification Lost In Inventory_2015-8-23     Baccah Central Library Central Library First floor 11/04/2010   8 13 658.4038011 LAU 000020571 29/04/2012 11/04/2012 Book - Borrowing      
    Dewey Decimal Classification       Baccah Central Library Central Library First floor 11/04/2010   9 17 658.4038011 LAU 000020572 15/07/2025 21/08/2013 Book - Borrowing      
    Dewey Decimal Classification       Baccah Central Library Central Library First floor 11/04/2010       658.4038011 LAU 000029337 15/07/2025   NB - Book (Non borrowing)      
    Dewey Decimal Classification         Central Library Central Library First floor 29/04/2012   1 6 658.4038011 LAU 000020570 15/07/2025 24/10/2012 Book - Borrowing   190.00 237.50
    Dewey Decimal Classification         Central Library Central Library First floor 12/03/2018       658.4038011 LAU 000047371 15/07/2025   Book - Borrowing